Business mergers and take-over bids: a study of the post war pattern of amalgamations and reconstructions of companies. (4th ed.) (Record no. 79038)

MARC details
000 -LEADER
fixed length control field 00740nam a2200157 a 4500
008 - FIXED-LENGTH DATA ELEMENTS--GENERAL INFORMATION
fixed length control field 120416s1971 ||||||||||||||||| || u
050 ## - LIBRARY OF CONGRESS CALL NUMBER
Classification number HG 4028.M4 Moo
100 ## - MAIN ENTRY--PERSONAL NAME
Personal name Moon, Donald W
245 10 - TITLE STATEMENT
Title Business mergers and take-over bids: a study of the post war pattern of amalgamations and reconstructions of companies. (4th ed.)
250 ## - EDITION STATEMENT
Edition statement 4th ed.
260 ## - PUBLICATION, DISTRIBUTION, ETC.
Place of publication, distribution, etc. London:
Name of publisher, distributor, etc. Gee
Date of publication, distribution, etc. 1971
300 ## - PHYSICAL DESCRIPTION
Extent 236p.
350 ## -
-- 0.00
995 ## -
-- ANNEX COLLECTION (Main Library)
-- 0.00
-- 007507
-- CBU-MAIN LIBRARY (Kitwe)
-- 1
-- 3.10
-- HG 4028.M4 Moo
-- AVAILABLE
-- 007507
-- Annex Low-Usage Collection
995 ## -
-- ANNEX COLLECTION (Main Library)
-- 0.00
-- 007506
-- CBU-MAIN LIBRARY (Kitwe)
-- 2
-- 3.10
-- HG 4028.M4 Moo
-- AVAILABLE
-- 007506
-- Annex Low-Usage Collection
999 ## -
-- 79038
-- 79038

No items available.